Statistics for Songs off of Movie Soundtracks

Click here to take the quiz!

General Stats

  • This quiz has been taken 3 times
  • The average score is 3 of 57

Answer Stats

% Correct
Sucker For Pain
100%
Heathens
50%
Sunflower
50%
Without Me
50%
About That Time
0%
All The Stars
0%
Big Shot
0%
Black Panther
0%
Bloody Waters
0%
Bohemian Rhapsody
0%
Control The World
0%
Crowd Go Crazy
0%
Elevate
0%
Familia
0%
Fortunate Son
0%
Gametime
0%
Gangsta
0%
Goin' Looney
0%
Hide
0%
Home
0%
Hoops
0%
I Am
0%
Invincible
0%
I Started a Joke
0%
Just For Me
0%
King's Dead
0%
Know Better
0%
Let Go
0%
Medieval Warfare
0%
Memories
0%
Mercy
0%
MVP
0%
My Guy
0%
Opps
0%
Paramedic!
0%
Pray For Me
0%
Pump Up The Jam
0%
Purple Lamborghini
0%
Redemption
0%
Redemption Interlude
0%
Save The Day
0%
Scared Of The Dark
0%
Seasons
0%
See Me Fly
0%
Settle The Score
0%
Shoot My Shot
0%
Slippin' Into Darkness
0%
Standing in the Rain
0%
Start a Riot
0%
The Best
0%
The Ways
0%
Way Up
0%
We Win
0%
What's Up Danger
0%
Wreak Havoc
0%
X
0%
You Don't Own Me
0%

Score Distribution

Percentile by Number Answered

Percent of People with Each Score

Your Score History

You have not taken this quiz